| 000 | 00737nam a22002297a 4500 | ||
|---|---|---|---|
| 003 | UA-OsUOA | ||
| 001 | 119795 | ||
| 007 | ta | ||
| 008 | 20161118b un ||||| |||| 00| 0 ukr d | ||
| 100 | _aОстапенко М.А. | ||
| 700 | _aСарчев В.Д. | ||
| 090 |
_a902 _bО-76 |
||
| 942 | _cSA | ||
| 040 |
_aUA-OsUOA _bukr _cUA-OsUOA _dUA-OsUOA |
||
| 245 | _aЗнахідка меча Х ст. біля Хортиці (до питання про похід князя Святослава "в пороги" 972 р.) | ||
| 300 | _aС.49-65 | ||
| 955 | _a0 | ||
| 041 | _aukr | ||
| 080 | _a902 | ||
| 773 | 0 |
_w119791 _tАрхеологія _dК. _d2016 _g3 |
|
| 650 | 7 |
_a9 Географія. Біографії. Історія _2UDC |
|
| 999 |
_c405988 _d405988 |
||